Planungsfibel

Αποθηκεύτηκε σε:
Λεπτομέρειες βιβλιογραφικής εγγραφής
Κύριος συγγραφέας: Brandt, Jürgen, 1940-
Άλλοι συγγραφείς: Meighorner, Gerhard (Επιμελητής έκδοσης)
Μορφή: Βιβλίο
Γλώσσα:German
Δημοσίευση: Munchen : Verlag Georg D. W. Callwey, 1966
Θέματα:
Ετικέτες: Προσθήκη ετικέτας
Δεν υπάρχουν, Καταχωρήστε ετικέτα πρώτοι!

MARC

LEADER 00000cam a2200000 i 4500
001 1/2910
008 000515s1966 ger d
035 |l 10060611 
040 |a GR-MY-UA  |b gre  |e aacr 
041 0 |a ger 
082 0 |a 711.40943 
100 1 |a Brandt, Jürgen,   |d 1940- 
245 1 0 |a Planungsfibel /  |c Jurgen Brandt ; unter Mitwirkung von Gerhard Meighorner 
260 |a Munchen :   |b Verlag Georg D. W. Callwey,   |c 1966 
300 |a 71 p.  |b tabl. 
650 0 0 |a City planning. 
650 0 0 |a Cities and towns  |x Planning  |z Germany (West) 
700 1 |a Meighorner, Gerhard.  |4 edt 
852 |a INST  |b LESVOS  |e 20000515  |h 711.40943 BRA  |p 005100023399  |q 005100023399  |t BK  |y 0 
901 |a BIBL1-2000-2 
909 |a Λ  |b 072851 
970 |z 2000/05/ΜΙΧΑΗΛΙΔΟΥ ΑΝΝΑ